Kika Kinderserien (2005-2015) - Statistiken

Allgemein
  • Dieses Quiz wurde 425 mal gespielt
  • Das Durchschnittsergebnis liegt bei 35 aus 70
Antwortstatistiken
Bildquiz Antwort % Korrekt
Yakari
97%
Bernd das Brot
94%
Biene Maja
93%
Feuerwehrmann Sam
92%
Shawn das Schaf
92%
Wissen macht Ah!
91%
Die Sendung mit der Maus
90%
Lauras Stern
89%
Garfield
88%
Meine Freundin Conni
87%
Löwenzahn
86%
Peter Pan
86%
H2o Plötzlich Meerjungfrau
85%
Das Dschungelbuch
84%
Das Sandmännchen
82%
Simsalagrimm
82%
Der kleine Prinz
79%
Ritter Rost
79%
Wickie und die starken Männer
76%
Coco, der neugierige Affe
75%
Logo!
74%
Checker Tobi
73%
Hexe Lilli
73%
Die wilden Kerle
68%
Schloss Einstein
68%
Mia and Me
64%
Baumhaus
63%
Robin Hood
63%
Kleiner roter Traktor
62%
Tigerenten Club
60%
Au Schwarte!
56%
Die Beste Klasse Deutschlands
55%
Zoes Zauberschrank
55%
Der kleine Nick
54%
Horseland
52%
Kleine Prinzessin
51%
Beutolomäus
50%
Der kleine Drache Kokosnuss
49%
Marco Polo
48%
Briefe von Felix
40%
Dance Academy
38%
Siebenstein
38%
Jonalu
36%
Wendy
36%
Franklin und Freunde
35%
Kika Live
34%
Kein Keks für Kobolde
31%
Emmas Chatroom
29%
Sherlock Yack
27%
Weißt du eigentlich, wie lieb ich dich hab?
27%
Der kleine Ritter Trenk
24%
Eine Möhre für Zwei
24%
Lenas Ranch
23%
Checkpoint
19%
Find me in Paris
18%
Kann es Johannes?
18%
Geronimo Stilton
17%
Paula und die wilden Tiere
17%
Wir Kinder aus dem Möwenweg
16%
Jan und Henry
13%
Pocoyo
11%
Armans Geheimnis
10%
Ene Mene Bu
8%
Das Zauberkarusell
6%
Mouk, der Weltreisebär
4%
Samsam
4%
Oli’s wilde Welt
3%
Zigby, das Zebra
3%
Bobby & Bill
2%
Das Haustiercamp
2%
Keine übereinstimmenden Quizze gefunden
Verteilung der Resultate
Anzahl Personen mit jedem Resultat
Perzentil nach korrekt beantworteten Fragen
Ihre Resultats-Entwicklung
Sie haben dieses Quiz noch nicht gespielt